South Eastern Kenya University

Library Online Public Access Catalogue


The Mitford bedside companion (Record no. 9833)

MARC details
000 -LEADER
fixed length control field 00775cam a2200229 a 4500
001 - CONTROL NUMBER
control field 14328261
003 - CONTROL NUMBER IDENTIFIER
control field OSt
005 - DATE AND TIME OF LATEST TRANSACTION
control field 20160112120455.0
008 - FIXED-LENGTH DATA ELEMENTS--GENERAL INFORMATION
fixed length control field 060404s2006 nyua f 000 0 eng
020 ## - INTERNATIONAL STANDARD BOOK NUMBER
International Standard Book Number 9780670037858
040 ## - CATALOGING SOURCE
Original cataloging agency SEKU
050 00 - LIBRARY OF CONGRESS CALL NUMBER
Classification number PS 3561.A678
Item number K3
100 1# - MAIN ENTRY--PERSONAL NAME
Personal name Karon, Jan.
245 14 - TITLE STATEMENT
Title The Mitford bedside companion
Statement of responsibility, etc. Jan Karon ; edited by Brenda Furman.
260 ## - PUBLICATION, DISTRIBUTION, ETC. (IMPRINT)
Place of publication, distribution, etc. New York :
Name of publisher, distributor, etc. Viking,
Date of publication, distribution, etc. 2006.
300 ## - PHYSICAL DESCRIPTION
Extent 487 p. :
Other physical details ill.
500 ## - GENERAL NOTE
General note A treasury of favorite Mitford moments, author reflections on the bestselling series, and more, much more.
600 10 - SUBJECT ADDED ENTRY--PERSONAL NAME
Personal name Karon, Jan,
Dates associated with a name 1937-
Title of a work Mitford years
Form subdivision Handbooks, manuals, etc.
650 #0 - SUBJECT ADDED ENTRY--TOPICAL TERM
Topical term or geographic name as entry element Mitford (N.C. : Imaginary place)
Form subdivision Handbooks, manuals, etc.
700 1# - ADDED ENTRY--PERSONAL NAME
Personal name Furman, Brenda.
942 ## - ADDED ENTRY ELEMENTS (KOHA)
Source of classification or shelving scheme Library of Congress Classification
Koha item type General circulation
Holdings
Withdrawn status Lost status Source of classification or shelving scheme Damaged status Not for loan Home library Current library Shelving location Date acquired Source of acquisition Total Checkouts Full call number Barcode Date last seen Price effective from Koha item type
    Library of Congress Classification     Main Campus Library Main Campus Library General Stacks 12/01/2016 Donation-Books for Africa   PS 3561.A678 K3 2016/013000 12/01/2016 12/01/2016 General circulation
Kitui, Kenya.
+254736116989
library@seku.ac.ke